| 000 | 00804cam a2200253 a 4500 | ||
|---|---|---|---|
| 008 | |||
| 020 | _a9781416001454 (hbk.) | ||
| 049 | _aMAIN | ||
| 090 |
_aRB52.7 _bSHI |
||
| 100 | 1 | _aShidham, Vinod B. | |
| 245 | 1 | 0 |
_aCytopathologic diagnosis of serous fluids / _c[by] Vinod B. Shidham and Barbara F. Atkinson. |
| 260 |
_aPhiladelphia : _bSaunders Elsevier, _c2007. |
||
| 300 |
_axvi, 269 p. : _bill. (chiefly col.) ; _c29 cm. |
||
| 500 | _aIncludes index. | ||
| 504 | _aIncludes bibliographical references. | ||
| 650 | 0 |
_aSerous fluids _xCytopathology. |
|
| 650 | 0 | _aCytodiagnosis. | |
| 700 | 1 | _aAtkinson, Barbara F. | |
| 907 |
_a.b10379472 _b16-02-18 _c24-02-17 |
||
| 003 | |||
| 005 | 20230120204216.0 | ||
| 040 | _cNUST | ||
| 942 |
_cBOOKS _kRB52.7 _mSHI |
||
| 999 |
_c119086 _d119086 |
||